00409 a2200169 4500001000700000020000600007040001100013100002000024240002000044245001500064362000900079440001200088697001100100942000700111952010200118999001900220174057 a  cMagnum aAlvarado, Maite10aO leituraolpor10aO leiturao0 a1899 1aÁtica aENSINO cBK 00104070a32.5b32.5d2024-06-08l0oLI.01654pMAG00021726r2024-06-08 20:47:21w2024-06-08yBK c174057d174057